000
00270nam a22001217a 4500
003
SGT
082
_a
617.471
_b
T11F
100
_a
FRANCIS, HOWARD W.
245
_a
TEMPORAL BONE DISSECTION GUIDE
260
_a
NEW YORK
_b
THIEME
_c
2006
300
_a
260
942
_2
ddc
_c
BK
999
_c
14896
_d
14896